000 00374nam a2200133Ia 4500
008 220217s9999||||xx |||||||||||||| ||und||
020 _a81-203-0149-8
082 _a621.395 LEE
100 _aLee, Samuel, C
245 0 _aDigital circuits and logic design
260 _aPrentice hall of india
_bNew Delhi
_c2001
300 _b0
650 _aDIGITAL DESIGN/LOGIC DESIGN
999 _c167874
_d167874